[Event "5. OPEN International Championship of Vo"]
[Site "Novi Sad - MASTER CENTAR - SAJ"]
[Date "2014.07.12"]
[Round "1.1"]
[White "Cvetanovic, Damjan"]
[Black "Damljanovic, Branko"]
[Result "1/2-1/2"]
[WhiteElo "2027"]
[BlackElo "2562"]
[PlyCount "69"]
[EventDate "2014.07.12"]

1. d4 Nf6 2. c4 g6 3. Nc3 Bg7 4. Bg5 d6 5. e3 c5 6. Nf3 h6 7. Bh4 g5 8. Bg3 Nh5
9. dxc5 Nxg3 10. hxg3 dxc5 11. Qxd8+ Kxd8 12. O-O-O+ Bd7 13. Bd3 Nc6 14. Be4
Na5 15. Rd5 Nxc4 16. Rxc5 Nd6 17. Ne5 Bxe5 18. Rxe5 Rc8 19. Rd1 b5 20. Kb1 a6
21. Nd5 e6 22. Nb6 Ke7 23. Nd5+ Kd8 24. Nb6 Ke7 25. Nd5+ Ke8 26. Nf6+ Ke7 27.
Nd5+ Kd8 28. Nb6 Ke7 29. Nd5+ Ke8 30. Nf6+ Ke7 31. Nd5+ Ke8 32. Nf6+ Ke7 33.
Nd5+ Kd8 34. Nb6 Ke7 35. Nd5+ 1/2-1/2

[Event "5. OPEN International Championship of Vo"]
[Site "Novi Sad - MASTER CENTAR - SAJ"]
[Date "2014.07.12"]
[Round "1.2"]
[White "Atalik, Suat"]
[Black "Sakic, Lorand"]
[Result "1-0"]
[WhiteElo "2550"]
[BlackElo "2024"]
[PlyCount "59"]
[EventDate "2014.07.12"]

1. e4 e5 2. Nf3 Nf6 3. Nc3 Nc6 4. Be2 Bc5 5. Nxe5 Bxf2+ 6. Kxf2 Nxe5 7. d4 Ng6
8. h4 d5 9. exd5 Nxd5 10. Nxd5 Qxd5 11. Bf3 Qd6 12. c4 O-O 13. c5 Qd8 14. Bg5
f6 15. Be3 c6 16. Qb3+ Kh8 17. Rad1 Ne7 18. Bf4 Re8 19. Rhe1 Ng6 20. Bc7 Qd7
21. Rxe8+ Qxe8 22. Re1 Qg8 23. h5 Nh4 24. Qxg8+ Kxg8 25. Bd1 Bd7 26. Re7 Be8
27. Bb3+ Kh8 28. g4 g5 29. Ba5 f5 30. Bc3 1-0

[Event "5. OPEN International Championship of Vo"]
[Site "Novi Sad - MASTER CENTAR - SAJ"]
[Date "2014.07.12"]
[Round "1.3"]
[White "Lukic, Milutin"]
[Black "Popovic, Dusan"]
[Result "0-1"]
[WhiteElo "2020"]
[BlackElo "2527"]
[PlyCount "68"]
[EventDate "2014.07.12"]

1. d4 Nf6 2. Nf3 g6 3. c3 Bg7 4. h3 d6 5. Nbd2 O-O 6. e4 c5 7. Bd3 cxd4 8. Nxd4
b6 9. O-O Bb7 10. Re1 Nbd7 11. Bc2 a6 12. f3 b5 13. Nf1 Rc8 14. Be3 d5 15. exd5
Nxd5 16. Bf2 b4 17. cxb4 Nxb4 18. Bb3 Nc5 19. Rc1 Nbd3 20. Rxc5 Bxd4 21. Bxd4
Qxd4+ 22. Re3 Qxc5 23. Qxd3 a5 24. Kh2 Rfd8 25. Qe2 Qd6+ 26. Ng3 e6 27. h4 a4
28. Bxe6 fxe6 29. Rxe6 Qf4 30. Kh3 Bc6 31. Re7 Bd7+ 32. Kh2 Qxh4+ 33. Kg1 Rc1+
34. Nf1 Rxf1+ 0-1

[Event "5. OPEN International Championship of Vo"]
[Site "Novi Sad - MASTER CENTAR - SAJ"]
[Date "2014.07.12"]
[Round "1.4"]
[White "Lajthajm, Borko"]
[Black "Nestorovic, Irena"]
[Result "1/2-1/2"]
[WhiteElo "2526"]
[BlackElo "2018"]
[PlyCount "67"]
[EventDate "2014.07.12"]

1. d4 Nf6 2. c4 e6 3. Nc3 Bb4 4. g3 O-O 5. Bg2 d5 6. cxd5 exd5 7. Bg5 c6 8. Qb3
Be7 9. Nf3 Nbd7 10. O-O Re8 11. Rad1 Qb6 12. Qc2 h6 13. Bf4 Nf8 14. Ne5 Be6 15.
Be3 Ng4 16. Nxg4 Bxg4 17. f3 Bh5 18. Bf2 Rad8 19. h3 Bf6 20. f4 Ne6 21. f5 Nxd4
22. Rxd4 Bxd4 23. g4 Bxg4 24. hxg4 Bxf2+ 25. Rxf2 Re3 26. Qd2 Rde8 27. Bf3 Qb4
28. a3 Qd6 29. Nd1 Rb3 30. Rg2 Qf6 31. Nc3 Qh4 32. g5 Rxb2 33. Qxb2 Qe1+ 34.
Kh2 1/2-1/2

[Event "5. OPEN International Championship of Vo"]
[Site "Novi Sad - MASTER CENTAR - SAJ"]
[Date "2014.07.12"]
[Round "1.5"]
[White "Nikolovski, Nikola"]
[Black "Savic, Miodrag R"]
[Result "0-1"]
[WhiteElo "2017"]
[BlackElo "2522"]
[PlyCount "104"]
[EventDate "2014.07.12"]

1. e4 d5 2. exd5 Qxd5 3. Nc3 Qa5 4. d4 c6 5. Nf3 Bf5 6. Bc4 e6 7. Bf4 Nf6 8.
O-O Nbd7 9. Qe2 Bg4 10. h3 Bxf3 11. Qxf3 Be7 12. Rfe1 O-O 13. Rad1 Rfe8 14. Bd3
Nf8 15. Be5 N6d7 16. Qg3 Ng6 17. Re4 Nf6 18. Ree1 Nd7 19. Re4 Bb4 20. Rde1 Bxc3
21. bxc3 Ndxe5 22. dxe5 Qxc3 23. R1e3 Rad8 24. Rg4 Rd4 25. Kh2 Rxg4 26. hxg4
Qd4 27. Re4 Qd8 28. Kg1 Qb6 29. Kh2 Rd8 30. f4 Rd4 31. f5 Rxe4 32. Bxe4 Nf8 33.
f6 Qd4 34. fxg7 Qxe4 35. gxf8=Q+ Kxf8 36. c3 Kg7 37. Kh3 c5 38. a4 b6 39. c4
Kg6 40. Kh4 h6 41. Kh3 Kg7 42. Qc3 Qf4 43. g3 Qe4 44. Qb2 Qh1+ 45. Qh2 Qxh2+
46. Kxh2 Kg6 47. Kg2 Kg5 48. Kf3 a6 49. Kg2 Kxg4 50. Kh2 Kf5 51. Kh3 Kxe5 52.
Kh4 Kd4 0-1

[Event "5. OPEN International Championship of Vo"]
[Site "Novi Sad - MASTER CENTAR - SAJ"]
[Date "2014.07.12"]
[Round "1.6"]
[White "Azaladze, Shota"]
[Black "Bjelic, Branislav"]
[Result "1-0"]
[WhiteElo "2499"]
[BlackElo "2016"]
[PlyCount "91"]
[EventDate "2014.07.12"]

1. Nf3 Nf6 2. g3 g6 3. Bg2 Bg7 4. O-O O-O 5. c4 d6 6. d4 Nbd7 7. Nc3 e5 8. e4
c6 9. h3 b5 10. dxe5 dxe5 11. Qe2 b4 12. Na4 Qc7 13. Qc2 c5 14. Be3 Bb7 15. Nd2
Rfd8 16. b3 Rac8 17. Rfd1 Bc6 18. Nxc5 Nxc5 19. Bxc5 Bxe4 20. Nxe4 Nxe4 21.
Bxb4 Nxg3 22. Rxd8+ Rxd8 23. Rd1 Nh5 24. Rxd8+ Qxd8 25. Qd2 Qxd2 26. Bxd2 Nf4
27. c5 Bf8 28. c6 Bd6 29. Ba5 Ne6 30. Bd5 Bc7 31. Bb4 Nf4 32. Bg2 Nd3 33. Bd2
f5 34. Bf1 Nf4 35. b4 Kf8 36. a4 Ke8 37. a5 Kd8 38. Be3 Nd5 39. Bc5 Ne7 40. Bb5
Nd5 41. Bc4 Ne7 42. Bxa7 Nxc6 43. Bc5 Bb8 44. Bd5 Kc7 45. Bxc6 Kxc6 46. a6 1-0

[Event "5. OPEN International Championship of Vo"]
[Site "Novi Sad - MASTER CENTAR - SAJ"]
[Date "2014.07.12"]
[Round "1.7"]
[White "Dedijer, Zarko"]
[Black "Kadric, Denis"]
[Result "0-1"]
[WhiteElo "2016"]
[BlackElo "2494"]
[PlyCount "52"]
[EventDate "2014.07.12"]

1. d4 d6 2. Nf3 g6 3. Bf4 Bg7 4. e3 Nd7 5. Nbd2 e5 6. dxe5 dxe5 7. Bg3 Nh6 8.
h3 O-O 9. Bc4 Nf5 10. Bh2 Qe7 11. c3 Kh8 12. O-O Nd6 13. Be2 f5 14. Re1 g5 15.
Nc4 Nxc4 16. Bxc4 g4 17. hxg4 fxg4 18. Nd2 Nf6 19. e4 Nh5 20. Nf1 Qc5 21. Ne3
g3 22. fxg3 Nf6 23. Kh1 Nxe4 24. Bg1 Nxg3+ 25. Kh2 e4 26. Nf1 Qg5 0-1

[Event "5. OPEN International Championship of Vo"]
[Site "Novi Sad - MASTER CENTAR - SAJ"]
[Date "2014.07.12"]
[Round "1.8"]
[White "Radlovacki, Jovan"]
[Black "Djurnic, Strahinja"]
[Result "1-0"]
[WhiteElo "2443"]
[BlackElo "2012"]
[PlyCount "81"]
[EventDate "2014.07.12"]

1. e4 e6 2. d4 d5 3. Nd2 dxe4 4. Nxe4 Bd7 5. Bd3 Bc6 6. Nf3 Nd7 7. Qe2 Bxe4 8.
Bxe4 c6 9. Bd2 Ngf6 10. Bd3 Qc7 11. c4 Bd6 12. Bc3 O-O 13. Ne5 c5 14. Nxd7 Nxd7
15. dxc5 Nxc5 16. Bc2 Rfd8 17. Rd1 Be7 18. O-O Rac8 19. Qe3 b6 20. b3 Nd7 21.
Qh3 Nf8 22. Rde1 a5 23. Re4 Bb4 24. Be5 Bd6 25. Bb2 Bc5 26. Rh4 f5 27. Bc1 Rd4
28. Rxd4 Bxd4 29. Re1 Rd8 30. Bg5 Qc5 31. Bxd8 Bxf2+ 32. Kf1 Bxe1 33. Kxe1 Qe5+
34. Kd2 Ng6 35. Qe3 Qd6+ 36. Qd3 Qf4+ 37. Kc3 Qxh2 38. Bxb6 h5 39. Qd8+ Kh7 40.
Qg5 Qe5+ 41. Bd4 1-0

[Event "5. OPEN International Championship of Vo"]
[Site "Novi Sad - MASTER CENTAR - SAJ"]
[Date "2014.07.12"]
[Round "1.9"]
[White "Bozinovic, Boban"]
[Black "Nestorovic, Nikola"]
[Result "0-1"]
[WhiteElo "2011"]
[BlackElo "2439"]
[PlyCount "182"]
[EventDate "2014.07.12"]

1. e4 e5 2. Nf3 Nc6 3. Nc3 Nf6 4. Bb5 Bd6 5. O-O O-O 6. d4 exd4 7. Nxd4 a6 8.
Nxc6 dxc6 9. Be2 Re8 10. Bf3 Qe7 11. Re1 Be5 12. Qe2 Be6 13. a3 h6 14. Be3 Rad8
15. Red1 Bxc3 16. bxc3 Rxd1+ 17. Qxd1 Bc8 18. Qd4 Bg4 19. Qb4 Qe6 20. e5 a5 21.
Qf4 Qxe5 22. Bxg4 Qxf4 23. Bxf4 Nxg4 24. Bxc7 Ne5 25. Bxa5 Nc4 26. Bc7 Re2 27.
Rc1 Nxa3 28. Kf1 Re4 29. Re1 Rc4 30. Re8+ Kh7 31. Re7 Kg6 32. Bd6 Nb5 33. Bb4
Nxc3 34. Bxc3 Rxc3 35. Rxb7 Rxc2 36. Rc7 h5 37. g3 Kf6 38. h4 g6 39. Kg2 Ke6
40. Kf3 f6 41. Ke3 Kf5 42. f3 Rc3+ 43. Ke2 c5 44. Rc8 c4 45. Rc5+ Ke6 46. Rc6+
Ke5 47. Rc8 Rc1 48. Re8+ Kf5 49. Rc8 Rc2+ 50. Ke3 Rc3+ 51. Ke2 Rc1 52. Rc5+ Ke6
53. g4 Kd6 54. Rc8 c3 55. gxh5 gxh5 56. Rh8 Rh1 57. Kd3 Rxh4 58. Kxc3 Ke5 59.
Kd3 Kf4 60. Rf8 f5 61. Ke2 Rh3 62. Rf7 h4 63. Rf8 Rg3 64. Rh8 Rh3 65. Rh5 Rh2+
66. Kf1 h3 67. Kg1 Rg2+ 68. Kh1 Rg3 69. Kh2 Rxf3 70. Rh8 Ra3 71. Re8 Re3 72.
Rf8 Ke4 73. Re8+ Kd3 74. Rf8 Rf3 75. Ra8 f4 76. Ra4 Ke3 77. Rb4 Rg3 78. Rb3+
Kf2 79. Rb2+ Kf3 80. Rb8 Ke4 81. Re8+ Kd3 82. Ra8 Re3 83. Ra4 f3 84. Kxh3 Ke2
85. Ra1 Kf2 86. Ra8 Kf1 87. Ra1+ Re1 88. Ra3 f2 89. Ra8 Kg1 90. Rg8+ Kh1 91.
Kg3 f1=Q 0-1

[Event "5. OPEN International Championship of Vo"]
[Site "Novi Sad - MASTER CENTAR - SAJ"]
[Date "2014.07.12"]
[Round "1.11"]
[White "Ilincic, Aleksa"]
[Black "Drazic, Sinisa"]
[Result "0-1"]
[WhiteElo "2006"]
[BlackElo "2430"]
[PlyCount "96"]
[EventDate "2014.07.12"]

1. e4 c5 2. c3 e6 3. Nf3 a6 4. d4 d5 5. exd5 exd5 6. Be3 c4 7. b3 cxb3 8. axb3
Nc6 9. Bd3 Bd6 10. O-O Nge7 11. Re1 O-O 12. Ne5 Nxe5 13. dxe5 Bxe5 14. Bxh7+
Kxh7 15. Qh5+ Kg8 16. Qxe5 Nc6 17. Qf4 Re8 18. Nd2 Be6 19. Nf3 Qb8 20. Qg5 f6
21. Qh4 d4 22. Bxd4 Bxb3 23. Bxf6 gxf6 24. Qxf6 Qc7 25. Qg6+ Kf8 26. Qf6+ Qf7
27. Qh8+ Qg8 28. Qf6+ Bf7 29. Ng5 Qg6 30. Qh8+ Bg8 31. h4 a5 32. f4 Qg7 33. Qh5
Rxe1+ 34. Rxe1 a4 35. f5 a3 36. f6 Qxf6 37. Rf1 Qxf1+ 38. Kxf1 a2 39. Qh6+ Ke8
40. Qh5+ Kd8 41. Qd1+ Kc7 42. Qa1 Bc4+ 43. Ke1 Re8+ 44. Kd2 Re2+ 45. Kd1 Rxg2
46. Nf3 Ne5 47. Qc1 Nd3 48. Qa1 Bb3# 0-1

[Event "5. OPEN International Championship of Vo"]
[Site "Novi Sad - MASTER CENTAR - SAJ"]
[Date "2014.07.12"]
[Round "1.12"]
[White "Tosic, Miroslav"]
[Black "Bejatovic, Bojana"]
[Result "1-0"]
[WhiteElo "2427"]
[BlackElo "2004"]
[PlyCount "117"]
[EventDate "2014.07.12"]

1. d4 f5 2. g3 Nf6 3. Bg2 g6 4. c3 Bg7 5. Nd2 d5 6. Ndf3 Ne4 7. Ne5 Nd7 8. Ngf3
O-O 9. O-O c5 10. Bf4 e6 11. h4 Ndf6 12. Qc1 Bd7 13. Bh6 Bb5 14. Bxg7 Kxg7 15.
Qe3 b6 16. a4 Ba6 17. dxc5 bxc5 18. b4 Rc8 19. Rac1 d4 20. cxd4 Nd5 21. Qb3
cxb4 22. Nd3 Qd6 23. Nfe5 Nd2 24. Qb2 Nxf1 25. Rxf1 Bxd3 26. Nxd3 a5 27. Bxd5
exd5 28. e3 Rfe8 29. Nc5 Qc6 30. Kg2 h6 31. Qe2 Rb8 32. Rc1 Qd6 33. Qd3 Rec8
34. h5 b3 35. Rb1 b2 36. Qd2 Qb6 37. Nd3 Qb3 38. Rxb2 Qxa4 39. Ra2 Qb3 40. Rxa5
Rc2 41. Ra7+ Kf8 42. Qd1 g5 43. g4 Qc3 44. Ne1 Rxf2+ 45. Kxf2 Rb2+ 46. Kf3 Rh2
47. Qd3 fxg4+ 48. Kxg4 Rh4+ 49. Kf3 g4+ 50. Kg2 Qb2+ 51. Nc2 Rh2+ 52. Kxh2 Qb8+
53. Kg2 Qxa7 54. Qf5+ Ke8 55. Qg6+ Kd8 56. Qg8+ Kc7 57. Qf7+ Kb6 58. Qxa7+ Kxa7
59. Nb4 1-0

[Event "5. OPEN International Championship of Vo"]
[Site "Novi Sad - MASTER CENTAR - SAJ"]
[Date "2014.07.12"]
[Round "1.13"]
[White "Damen, Igor"]
[Black "Erdogdu, Mert"]
[Result "1/2-1/2"]
[WhiteElo "2002"]
[BlackElo "2423"]
[PlyCount "96"]
[EventDate "2014.07.12"]

1. e4 c5 2. Nf3 d6 3. d4 cxd4 4. Nxd4 Nf6 5. Nc3 a6 6. f4 e6 7. Be2 Nc6 8. Bf3
Qc7 9. Be3 Be7 10. O-O O-O 11. Kh1 Bd7 12. Qe1 Nxd4 13. Bxd4 Bc6 14. Qg3 b5 15.
Rae1 Rad8 16. e5 dxe5 17. Bxe5 Qc8 18. Ne4 Bxe4 19. Bxe4 g6 20. Bd3 Nd7 21. f5
Nxe5 22. Qxe5 Bd6 23. Qf6 exf5 24. Bxf5 Qc7 25. Bd3 Rfe8 26. Qh4 Be5 27. a4
Bxb2 28. Rxe8+ Rxe8 29. axb5 axb5 30. Bxb5 Re7 31. Bc4 Kg7 32. Bd5 f5 33. Rxf5
Qd6 34. Rf1 Bf6 35. Qc4 Rc7 36. Qa2 Be5 37. c4 Bxh2 38. c5 Rxc5 39. Rf7+ Kh6
40. Qd2+ Bf4 41. Rxf4 Qxd5 42. Rh4+ Kg7 43. Qh6+ Kf6 44. Qf8+ Ke6 45. Qe8+ Kd6
46. Qd8+ Ke6 47. Qe8+ Kd6 48. Qd8+ Ke6 1/2-1/2

[Event "5. OPEN International Championship of Vo"]
[Site "Novi Sad - MASTER CENTAR - SAJ"]
[Date "2014.07.12"]
[Round "1.14"]
[White "Nestorovic, Dejan"]
[Black "Lazov, Toni"]
[Result "1-0"]
[WhiteElo "2408"]
[BlackElo "2001"]
[PlyCount "53"]
[EventDate "2014.07.12"]

1. d4 Nf6 2. c4 g6 3. Nc3 d5 4. Bg5 Ne4 5. Bf4 Nxc3 6. bxc3 Bg7 7. e3 c5 8. Nf3
O-O 9. Be2 dxc4 10. Bxc4 Nc6 11. O-O Bg4 12. Rb1 b6 13. Qa4 Bxf3 14. gxf3 e5
15. Bg3 Rc8 16. Bb5 Na5 17. dxe5 c4 18. Rfd1 Qg5 19. f4 Qh5 20. Rd7 g5 21. Qd1
Qg6 22. Ba4 gxf4 23. exf4 h5 24. Bc2 Qh6 25. h4 Nc6 26. Qf3 Rfd8 27. Rbd1 1-0

[Event "5. OPEN International Championship of Vo"]
[Site "Novi Sad - MASTER CENTAR - SAJ"]
[Date "2014.07.12"]
[Round "1.15"]
[White "Mulenko, Alexander"]
[Black "Saric, Sinisa"]
[Result "0-1"]
[WhiteElo "2000"]
[BlackElo "2400"]
[PlyCount "95"]
[EventDate "2014.07.12"]

1. Nf3 Nf6 2. g3 g6 3. c4 Bg7 4. Bg2 O-O 5. O-O d6 6. d4 Na6 7. Nc3 c5 8. Bg5
Bd7 9. Qd2 Re8 10. Rfd1 Qc8 11. b3 Bh3 12. Bh1 Qg4 13. Rac1 Rad8 14. dxc5 Nxc5
15. Bxf6 Bxf6 16. Nd5 Bg7 17. Nf4 Qc8 18. Nxh3 Qxh3 19. Ng5 Qc8 20. b4 Na6 21.
a3 Bh6 22. f4 Nc7 23. Ne4 Qb8 24. Nc3 Bg7 25. e3 Rc8 26. Bg2 Na8 27. Qd3 Nb6
28. Nd5 Na4 29. Qb3 Nb2 30. Re1 e6 31. Nc3 Nd3 32. Ne4 Nxc1 33. Rxc1 d5 34. Nf2
dxc4 35. Rxc4 b5 36. Rc5 Bf8 37. Ne4 Be7 38. h4 h5 39. Qc3 a6 40. g4 hxg4 41.
h5 gxh5 42. Nf6+ Bxf6 43. Qxf6 Rxc5 44. bxc5 Qd8 45. Qh6 Qh4 46. Be4 Qe1+ 47.
Kh2 Qf2+ 48. Kh1 0-1

[Event "5. OPEN International Championship of Vo"]
[Site "Novi Sad - MASTER CENTAR - SAJ"]
[Date "2014.07.12"]
[Round "1.16"]
[White "Leskur, Dejan"]
[Black "Pavkov, Nebojsa"]
[Result "1-0"]
[WhiteElo "2393"]
[BlackElo "1999"]
[PlyCount "43"]
[EventDate "2014.07.12"]

1. Nf3 Nf6 2. b3 c5 3. Bb2 e6 4. e3 Be7 5. d4 cxd4 6. exd4 O-O 7. Bd3 b6 8. O-O
Bb7 9. Re1 Nc6 10. a3 Qc7 11. Nbd2 d5 12. Ne5 Nxe5 13. dxe5 Nd7 14. Qh5 g6 15.
Qh6 Rfc8 16. Nf3 a6 17. Ng5 Nf8 18. Re3 Bc6 19. Nxh7 Nxh7 20. Rh3 Bg5 21. Qxh7+
Kf8 22. f4 1-0

[Event "5. OPEN International Championship of Vo"]
[Site "Novi Sad - MASTER CENTAR - SAJ"]
[Date "2014.07.12"]
[Round "1.17"]
[White "Matovic, Mihajlo Z"]
[Black "Liou, Yian"]
[Result "0-1"]
[WhiteElo "1996"]
[BlackElo "2387"]
[PlyCount "102"]
[EventDate "2014.07.12"]

1. e4 e5 2. Nf3 Nc6 3. d4 exd4 4. Nxd4 Bb4+ 5. c3 Bc5 6. Be3 Bb6 7. g3 Nf6 8.
Bg2 O-O 9. O-O Re8 10. Nd2 d5 11. exd5 Nxd4 12. Bxd4 Bxd4 13. cxd4 Nxd5 14. Ne4
c6 15. Re1 Bf5 16. Nc5 b6 17. Rxe8+ Qxe8 18. Bxd5 cxd5 19. Nd3 Qb5 20. Nf4 Qxb2
21. Nxd5 Be4 22. Ne3 Bf3 23. Qe1 Qxd4 24. Rc1 Qd7 25. Qc3 h6 26. Nc4 Bb7 27.
Ne3 Rc8 28. Qb2 Re8 29. Qc2 Qe6 30. Qf5 Qxa2 31. Qd7 Rxe3 32. Qxb7 Re8 33. Rc7
Qb1+ 34. Kg2 Qb3 35. Rd7 a5 36. Rd6 b5 37. Rd5 Qc4 38. Rxb5 Re1 39. Qb8+ Kh7
40. Rxa5 Qf1+ 41. Kf3 Qh1+ 42. Kg4 Re4+ 43. f4 Qxh2 44. Qb1 Qe2+ 45. Kh3 g6 46.
Ra2 Qf3 47. Rf2 Qh5+ 48. Kg2 Qd5 49. Kh2 Qf5 50. Qc2 Qh5+ 51. Kg2 Re1 0-1

[Event "5. OPEN International Championship of Vo"]
[Site "Novi Sad - MASTER CENTAR - SAJ"]
[Date "2014.07.12"]
[Round "1.18"]
[White "Cabarkapa, Novak"]
[Black "Zivkovic, Zivojin"]
[Result "1-0"]
[WhiteElo "2386"]
[BlackElo "1992"]
[PlyCount "61"]
[EventDate "2014.07.12"]

1. e4 d6 2. d4 Nf6 3. f3 g6 4. Be3 Bg7 5. Qd2 c6 6. Ne2 b5 7. Nbc3 Nbd7 8. g4
Nb6 9. Ng3 h5 10. g5 Nfd7 11. h4 b4 12. Nd1 c5 13. c3 a5 14. f4 cxd4 15. cxd4
Bb7 16. d5 Rc8 17. Bd4 Bxd4 18. Qxd4 Rf8 19. Ne3 Rc5 20. Bd3 Qc7 21. O-O f6 22.
f5 fxg5 23. fxg6 Rg8 24. Nxh5 Ne5 25. g7 Nbd7 26. hxg5 Nxd3 27. Qxd3 Ne5 28.
Qe2 Qc8 29. Nf5 Ba6 30. Qf2 Bxf1 31. Nf6+ 1-0

[Event "5. OPEN International Championship of Vo"]
[Site "Novi Sad - MASTER CENTAR - SAJ"]
[Date "2014.07.12"]
[Round "1.19"]
[White "Vujevic, Tomislav"]
[Black "Ratkovic, Miloje"]
[Result "0-1"]
[WhiteElo "1989"]
[BlackElo "2383"]
[PlyCount "78"]
[EventDate "2014.07.12"]

1. d4 Nf6 2. c4 e6 3. Nf3 Bb4+ 4. Bd2 Qe7 5. Qb3 Bxd2+ 6. Nbxd2 d6 7. e4 e5 8.
Be2 exd4 9. Nxd4 Nxe4 10. Nxe4 Qxe4 11. O-O-O O-O 12. Qg3 Nc6 13. Bf3 Nxd4 14.
Bxe4 Ne2+ 15. Kc2 Nxg3 16. hxg3 h6 17. Rd2 Rb8 18. Rh5 Be6 19. Kc3 Rfd8 20. Bd5
Re8 21. Bf3 a6 22. a3 f6 23. Rh1 Bf7 24. Rdd1 Re5 25. Rhe1 Kf8 26. Rxe5 fxe5
27. Be4 Ke7 28. Re1 b5 29. cxb5 axb5 30. Bc2 Kf6 31. f4 exf4 32. gxf4 h5 33.
Re3 c5 34. Kd2 b4 35. a4 b3 36. Bd1 Rb4 37. a5 c4 38. Be2 Ra4 39. a6 d5 0-1

[Event "5. OPEN International Championship of Vo"]
[Site "Novi Sad - MASTER CENTAR - SAJ"]
[Date "2014.07.12"]
[Round "1.20"]
[White "Obodchuk, Andrei"]
[Black "Injac, Teodora"]
[Result "1-0"]
[WhiteElo "2374"]
[BlackElo "1984"]
[PlyCount "71"]
[EventDate "2014.07.12"]

1. d4 Nf6 2. c4 g6 3. Nc3 Bg7 4. e4 d6 5. Nf3 O-O 6. Be2 Nbd7 7. O-O e5 8. Qc2
exd4 9. Nxd4 Re8 10. Rd1 Nc5 11. f3 a5 12. Bf1 c6 13. Be3 Qc7 14. Rd2 Nh5 15.
g4 Nf6 16. Rad1 Nfd7 17. Ndb5 cxb5 18. Nxb5 Qb8 19. Nxd6 Rf8 20. f4 b6 21. g5
Bb7 22. h4 Bc6 23. h5 Qd8 24. Re1 Qe7 25. Bg2 Nb7 26. Qd1 Rad8 27. f5 Be5 28.
f6 Qe6 29. Nb5 Bxb5 30. cxb5 Ndc5 31. Rd5 Rd6 32. Qf3 Rfd8 33. b3 Nd3 34. Rf1
Nb4 35. hxg6 fxg6 36. Bh3 1-0

[Event "5. OPEN International Championship of Vo"]
[Site "Novi Sad - MASTER CENTAR - SAJ"]
[Date "2014.07.12"]
[Round "1.21"]
[White "Topoljski, Pavel"]
[Black "Mrkonjic, Nenad"]
[Result "0-1"]
[WhiteElo "1982"]
[BlackElo "2373"]
[PlyCount "50"]
[EventDate "2014.07.12"]

1. d4 b5 2. e4 Bb7 3. f3 b4 4. a3 a5 5. axb4 axb4 6. Rxa8 Bxa8 7. Bd3 e6 8. Ne2
c5 9. Be3 cxd4 10. Nxd4 Nf6 11. O-O Bc5 12. Qe2 Qb6 13. c3 Nc6 14. Nc2 bxc3 15.
bxc3 d5 16. Nd2 O-O 17. Rb1 Bxe3+ 18. Qxe3 Qxe3+ 19. Nxe3 Ne5 20. Bc2 dxe4 21.
Nxe4 Bxe4 22. Bxe4 Nxe4 23. fxe4 Rc8 24. Kf2 Kf8 25. Rc1 Nd3+ 0-1

[Event "5. OPEN International Championship of Vo"]
[Site "Novi Sad - MASTER CENTAR - SAJ"]
[Date "2014.07.12"]
[Round "1.22"]
[White "Dvorski, Renato"]
[Black "Burovic, Ismet"]
[Result "0-1"]
[WhiteElo "1971"]
[BlackElo "2366"]
[PlyCount "72"]
[EventDate "2014.07.12"]

1. e4 c6 2. d4 d5 3. exd5 cxd5 4. Bd3 Nc6 5. c3 Nf6 6. h3 g6 7. Nf3 Bg7 8. O-O
Bf5 9. Bxf5 gxf5 10. Qb3 Qd7 11. Bf4 Ne4 12. Nbd2 O-O 13. Rad1 Kh8 14. Nxe4
fxe4 15. Nd2 Rg8 16. Kh2 Rac8 17. Rc1 e5 18. dxe5 Nxe5 19. Rcd1 Nd3 20. Bg3 f5
21. Nb1 f4 22. Bh4 f3 23. g3 Rc6 24. Rxd3 exd3 25. Qd1 Qf5 26. Nd2 Rf8 27. Nb3
Rh6 28. Nd4 Bxd4 29. cxd4 Rxh4 30. gxh4 Qf4+ 31. Kh1 Qxh4 32. Kh2 Qf4+ 33. Kh1
Qf5 34. Kh2 Rg8 35. Rg1 Rxg1 36. Qxg1 Qg6 0-1

[Event "5. OPEN International Championship of Vo"]
[Site "Novi Sad - MASTER CENTAR - SAJ"]
[Date "2014.07.12"]
[Round "1.23"]
[White "Egorov, Evgeny"]
[Black "Jaklin, Damir"]
[Result "1-0"]
[WhiteElo "2358"]
[BlackElo "1962"]
[PlyCount "43"]
[EventDate "2014.07.12"]

1. e4 c5 2. Nc3 d6 3. Nf3 Nf6 4. e5 dxe5 5. Nxe5 Nbd7 6. d4 cxd4 7. Qxd4 e6 8.
Bb5 a6 9. Bxd7+ Nxd7 10. Nc4 Qf6 11. Qxf6 gxf6 12. a4 b6 13. Be3 Rb8 14. O-O-O
Bc5 15. Bxc5 Nxc5 16. Rd6 Nd7 17. Rhd1 b5 18. Na5 bxa4 19. Nc6 Rb7 20. Ne4 Kf8
21. R1d3 f5 22. Nc5 1-0

[Event "5. OPEN International Championship of Vo"]
[Site "Novi Sad - MASTER CENTAR - SAJ"]
[Date "2014.07.12"]
[Round "1.24"]
[White "Panic, Nikola I"]
[Black "Strebkovs, Andrejs"]
[Result "0-1"]
[WhiteElo "1684"]
[BlackElo "2357"]
[PlyCount "50"]
[EventDate "2014.07.12"]

1. d4 Nf6 2. c4 g6 3. Nc3 Bg7 4. Nf3 O-O 5. Bf4 c6 6. e4 d6 7. h3 a6 8. Be2 b5
9. a3 Nbd7 10. e5 Ne8 11. exd6 exd6 12. O-O bxc4 13. Bxc4 Nb6 14. Ba2 Nc7 15.
Rc1 Be6 16. Ng5 Bxa2 17. Nxa2 Nbd5 18. g3 Nxf4 19. gxf4 Nd5 20. Qf3 Qf6 21.
Rxc6 Nxf4 22. Ne4 Qh4 23. Kh2 Bxd4 24. Qg3 Qe7 25. Re1 Be5 0-1

[Event "5. OPEN International Championship of Vo"]
[Site "Novi Sad - MASTER CENTAR - SAJ"]
[Date "2014.07.12"]
[Round "1.25"]
[White "Draskovic, Luka"]
[Black "Stojadinov, Svetlana"]
[Result "1-0"]
[WhiteElo "2340"]
[BlackElo "1958"]
[PlyCount "70"]
[EventDate "2014.07.12"]

1. e4 e5 2. Nf3 Nf6 3. d3 Nc6 4. Be2 Bc5 5. O-O h6 6. c3 Bb6 7. Nbd2 O-O 8. Nc4
Re8 9. b4 d5 10. Nxb6 axb6 11. Qc2 b5 12. Re1 d4 13. h3 dxc3 14. Qxc3 Nd7 15.
Be3 Qe7 16. a3 Nf8 17. Rac1 Ng6 18. Kh2 Nh4 19. Ng1 Bd7 20. g3 Ng6 21. Bf1 Ra6
22. Nf3 Rea8 23. Ra1 Qd6 24. Bg2 f5 25. Bc5 Qf6 26. exf5 Bxf5 27. Nd2 Rd8 28.
Ne4 Qf7 29. Be3 Bxe4 30. Bxe4 Nge7 31. Qc5 Nf5 32. Kg2 Nxe3+ 33. Rxe3 Nd4 34.
Qxe5 Nc2 35. Rf3 Ne1+ 1-0

[Event "5. OPEN International Championship of Vo"]
[Site "Novi Sad - MASTER CENTAR - SAJ"]
[Date "2014.07.12"]
[Round "1.26"]
[White "Adamov, Ivan"]
[Black "Popchev, Milko"]
[Result "0-1"]
[WhiteElo "1957"]
[BlackElo "2331"]
[PlyCount "90"]
[EventDate "2014.07.12"]

1. e4 c5 2. Nf3 Nc6 3. d4 cxd4 4. Nxd4 d5 5. Bb5 dxe4 6. Nxc6 Qxd1+ 7. Kxd1 a6
8. Nd4+ axb5 9. Nxb5 Bg4+ 10. Ke1 O-O-O 11. N1c3 e5 12. Be3 f5 13. Na4 Nf6 14.
Nb6+ Kb8 15. Nc4 Nd7 16. Rf1 Rc8 17. b3 f4 18. Ba7+ Ka8 19. f3 Be6 20. Nb6+
Nxb6 21. Bxb6 Rxc2 22. Nc7+ Kb8 23. Nxe6 Bb4+ 24. Kd1 Rd2+ 25. Kc1 Rc8+ 26.
Bc7+ Rxc7+ 27. Nxc7 Kxc7 28. fxe4 Rxg2 29. h4 Bc3 30. Rb1 Bd4 31. Kd1 Rxa2 32.
Rc1+ Kb6 33. Rc2 Ra3 34. Rf3 g6 35. Rd3 Ra1+ 36. Rc1 Rxc1+ 37. Kxc1 h6 38. Kd1
g5 39. hxg5 hxg5 40. Rh3 g4 41. Rh7 g3 42. Rg7 Kc5 43. Ke2 b6 44. Kd3 Kb4 45.
Kc2 Bf2 0-1